|
|
|
|
| LEADER |
00000nab a2200000 a 4500 |
| 001 |
vtls000915788 |
| 003 |
SK-MaSNL |
| 005 |
20260302173408.0 |
| 008 |
040720e19920212xo 0 slo |
| 035 |
|
|
|a KE24671
|
| 040 |
|
|
|a KEVKJB
|b slo
|c KEVKJB
|e AACR2
|
| 041 |
0 |
|
|a slo
|
| 044 |
|
|
|a xo
|c SK
|
| 080 |
|
|
|a 362.11/.12
|2 1981
|
| 100 |
0 |
|
|a (zet)
|4 aut
|9 881093
|
| 245 |
1 |
0 |
|a Výstavba košickej detskej nemocnice dostane zahraničný úver
|
| 610 |
2 |
7 |
|a Detská nemocnica (Košice, Slovensko)
|2 KEVKJB
|9 94655
|
| 650 |
0 |
7 |
|a výstavba dlhoročná
|2 KEVKJB
|9 881094
|
| 650 |
0 |
7 |
|a problémy finančné
|2 KEVKJB
|9 873460
|
| 650 |
0 |
7 |
|a úver zahraničný
|2 KEVKJB
|9 881095
|
| 650 |
0 |
7 |
|a poskytnutie
|2 KEVKJB
|9 881096
|
| 650 |
0 |
7 |
|a informácie
|2 KEVKJB
|9 1285
|
| 651 |
|
7 |
|a KE,
|2 KEVKJB
|9 877256
|
| 655 |
|
7 |
|a periodikum
|2 snkbucl
|9 29553
|
| 710 |
2 |
|
|a Detská nemocnica (Košice, Slovensko)
|4 aut
|9 94655
|
| 773 |
0 |
8 |
|t Slovenský východ
|g Roč. 2
|g Roč. 20, č.36, 12.2.1992, s. 3
|
| 852 |
|
|
|a ZVYKNI
|b KIS3GCP
|
| 999 |
|
|
|c 1401445
|d 1403375
|